Taylor Swift - Chiefs Games Attended Sudden Death - Statistics

General Stats
  • This quiz has been taken 42 times
  • The average score is 2 of 6
Answers on the Grid
Answers color-coded by a green-red scale on the quiz's grid according to % correct below.
September 24, 2023
January 13, 2024
September 5, 2024
November 4, 2024
January 19, 2025
September 29, 2024
December 25, 2024
December 8, 2024
November 12, 2023
October 29, 2023
February 11, 2024
November 20, 2023
 
Answer Stats
Answer % Correct
February 11, 2024
44%
January 13, 2024
44%
January 19, 2025
22%
September 5, 2024
22%
November 4, 2024
11%
September 24, 2023
11%
No matching quizzes found
Score Distribution
Percent of People with Each Score
Percentile by Number Answered
Your Score History
You have not taken this quiz